000 00585nam a2200205 i 4500
001 sa 68009895
003 DLC
005 20260227112548.0
008 851002s1966 ii 00000 tamo
010 _asa 68009895 //r85
050 0 _aPL4751
_b.D6
100 2 0 _aDorai Rangaswamy, M. A.,
_d1908-
245 1 0 _aPacippiṇi maruttuvan̲ /
_cMo. A. Turai Araṅkacāmi.
250 _a[1. patippu].
260 0 _aMaturai :
_bMīn̲āṭci Puttaka Nilaiyam,
_c[1966]
300 _a192 p. ;
_c19 cm.
490 0 _aMīn̲āṭci ;
_v72
500 _aIn Tamil.
650 0 _aTamil philology.
999 _c83226
_d83226